Statistics for Countries Excluded from the Queen’s Funeral

Click here to take the quiz!

General Stats

  • This quiz has been taken 26 times
  • The average score is 5 of 7

Answer Stats

Country% Correct
Russia
100%
Russia
100%
Venezuela
80%
Belarus
65%
Syria
65%
Afghanistan
50%
Myanmar
40%

Score Distribution

Percentile by Number Answered

Percent of People with Each Score

Your Score History

You have not taken this quiz